000 00735cam a22002173a 4500
001 40310
003 PGUSA
005 20140828083912.0
008 120723s2012||||xxu|||||s|||||000 | eng d
040 _aPGUSA
_beng
042 _adc
100 1 _aBrunsmand, Johan
245 1 0 _aEt forfærdeligt Hus-Kors :
_bEller en sandfærdig Beretning om en gruelig Fristelse, som tvende fromme Ægte-Folk i Kiøge for nogen rum Tid siden har været plagede med
_h[electronic resource] /
_cJohan Brunsmand
260 _bProject Gutenberg,
_c2012
506 _aPublic domain in the USA.
516 _aElectronic text
700 1 _aPio, L.
830 0 _aProject Gutenberg
_v40310
856 4 0 _uhttp://www.gutenberg.org/ebooks/40310
942 _cEB
999 _c269563
_d269563